Ver, conocer, dominar : (Record no. 145500)

MARC details
000 -CABECERA
campo de control de longitud fija 00625nam a2200205 u 4500
003 - IDENTIFICADOR DEL NÚMERO DE CONTROL
campo de control MX-MxUPN
005 - FECHA Y HORA DE LA ÚLTIMA TRANSACCIÓN
campo de control 20231129063544.0
008 - ELEMENTOS DE LONGITUD FIJA--INFORMACIÓN GENERAL
campo de control de longitud fija 091022s2005 ag r 000 0 spa d
020 ## - NÚMERO INTERNACIONAL NORMALIZADO PARA LIBROS
Número Internacional Estándar del Libro 9871220189
035 ## - NÚMERO DE CONTROL DEL SISTEMA
Número de control de sistema UPN01000173396
040 ## - FUENTE DE LA CATALOGACIÓN
Centro catalogador/agencia de origen MX-MxUPN
Lengua de catalogación spa
Centro/agencia transcriptor MX-MxUPN
050 #4 - SIGNATURA TOPOGRÁFICA DE LA BIBLIOTECA DEL CONGRESO
Número de clasificación N8217 I5
Número de documento/Ítem P4.8
100 1# - ASIENTO PRINCIPAL--NOMBRE PERSONAL
Nombre de persona Penhos, Marta
245 10 - MENCIÓN DE TÍTULO
Título Ver, conocer, dominar :
Resto del título imágenes de Sudamérica a fines del siglo XVIII /
Mención de responsabilidad, etc. Marta Penhos.
260 ## - PUBLICACIÓN, DISTRIBUCIÓN, ETC.
Lugar de publicación, distribución, etc. Buenos Aires :
Nombre del editor, distribuidor, etc. Siglo XXI,
Fecha de publicación, distribución, etc. 2005.
300 ## - DESCRIPCIÓN FÍSICA
Extensión 382 p. :
Otras características físicas il.
440 #0 - MENCIÓN DE SERIE/ASIENTO SECUNDARIO--TÍTULO
Título Arte y pensamiento
651 #4 - ASIENTO SECUNDARIO DE MATERIA - NOMBRE GEOGRAFICO
Nombre geográfico América del Sur
Subdivisión general Historia
Subdivisión cronológica Siglo XVIII
9 (RLIN) 2701
905 ## - TIPO DE MATERIAL
Tipo de material Libro
Holdings
Estado de retiro Estado de pérdida Fuente del sistema de clasificación o colocación Estado dañado No para préstamo Código de colección Localización permanente Ubicación/localización actual Ubicación en estantería Total de préstamos Clasificación Código de barras Fecha visto por última vez Número de copia Tipo de ítem Koha
    Library of Congress Classification     Colección General Bib. Gregorio Torres Quintero Bib. Gregorio Torres Quintero Planta baja   N8217 I5 P4.8 269200 31/12/2020 1 Libro